书目信息 |
| 题名: |
人类的故事
|
|
| 作者: | 房龙 著 ;柏利 , 张蕾芳 译 | |
| 分册: | ||
| 出版信息: | 海口 海南国际新闻出版中心 1998.03 |
|
| 页数: | 427页 | |
| 开本: | 21cm | |
| 丛书名: | 房龙作品集 | |
| 单 册: | ||
| 中图分类: | K1-49 | |
| 科图分类: | ||
| 主题词: | 世界史--普及读物 | |
| 电子资源: | ||
| ISBN: | 7-80609-647-7 | |
| 000 | 00774nam2 2200253 45 | |
| 001 | 0109261467 | |
| 005 | 20041124151201.2 | |
| 010 | @a7-80609-647-7@dCNY22.00 | |
| 100 | @a20010926d1998 km y0chiy0120 ea | |
| 101 | 0 | @achi |
| 105 | @a z 000yy | |
| 200 | 1 | @a人类的故事@ARen Lei De Gu Shi@f(美)房龙著@F(Mei)Fang Long Zhu@g柏利,张蕾芳译 |
| 210 | @a海口@c海南国际新闻出版中心@d1998.03 | |
| 215 | @a427页@d21cm | |
| 225 | @a房龙作品集@f蔡玉洗,寒奇主编 | |
| 410 | @12001 @a房龙作品集 | |
| 410 | @1700 0@a寒奇@AHan Qi@4主编@a蔡玉洗@ACai Yu Xi@4主编 | |
| 606 | 0 | @a世界史@x普及读物 |
| 690 | @aK1-49@v4 | |
| 701 | @a房龙@4著 | |
| 702 | 0 | @a柏利@ABai Li@4译 |
| 702 | 0 | @a张蕾芳@AZhang Lei Fang@4译 |
| 801 | @aCN@bTSTC@c20010926 | |
| 905 | @f5@b299078-082@dK1-49@e92 | |
| 人类的故事/(美)房龙著/柏利,张蕾芳译.-海口:海南国际新闻出版中心,1998.03 |
| 427页;21cm.-(房龙作品集/蔡玉洗,寒奇主编) |
| ISBN 7-80609-647-7:CNY22.00 |
| ● |
| 相关链接 |
|
|
|
|
正题名:人类的故事
索取号:K1-49/92
 
预约/预借
| 序号 | 登录号 | 条形码 | 馆藏地/架位号 | 状态 | 备注 |
| 1 | 0299078 | 202990781 | 第二借阅区/ [索取号:K1-49/92] | 在馆 | |
| 2 | 0299079 | 202990790 | 第二借阅区/ [索取号:K1-49/92] | 在馆 | |
| 3 | 0299080 | 202990807 | 第二借阅区/ [索取号:K1-49/92] | 在馆 | |
| 4 | 0299081 | 202990816 | 第二借阅区/ [索取号:K1-49/92] | 在馆 | |
| 5 | 0299082 | 202990825 | 第二样本阅览室/ [索取号:K1-49/92] | 在馆 |